000
00243nam a2200121Ia 4500
100
_a
Pull/E
942
_c
BK
245
_a
Workshop Practice
260
_b
TECHNICAL PUBLICATIONS
_c
1952
082
_a
621.9
300
_a
739
546
_a
ENGLISH
999
_c
26513
_d
26513